<?xml version="1.0" encoding="UTF-8"?>
<collection xmlns="http://www.loc.gov/MARC21/slim">
<record>
  <controlfield tag="001">135384</controlfield>
  <controlfield tag="005">20260110073828.0</controlfield>
  <datafield tag="037" ind1=" " ind2=" ">
    <subfield code="a">TESIS-2024-179</subfield>
  </datafield>
  <datafield tag="041" ind1=" " ind2=" ">
    <subfield code="a">spa</subfield>
  </datafield>
  <datafield tag="100" ind1="1" ind2=" ">
    <subfield code="a">Vivas Franco, Carmen Zenaida</subfield>
  </datafield>
  <datafield tag="245" ind1="0" ind2="0">
    <subfield code="a">Estudio de la aplicación del Convenio de la Haya de sustracción de menores en España, Colombia y Venezuela, miembros de la Red Iberoamericana de Cooperación Jurídica Internacional</subfield>
  </datafield>
  <datafield tag="260" ind1=" " ind2=" ">
    <subfield code="a">Zaragoza</subfield>
    <subfield code="b">Universidad de Zaragoza, Prensas de la Universidad</subfield>
    <subfield code="c">2024</subfield>
  </datafield>
  <datafield tag="300" ind1=" " ind2=" ">
    <subfield code="a">364</subfield>
  </datafield>
  <datafield tag="490" ind1="0" ind2=" ">
    <subfield code="a">Tesis de la Universidad de Zaragoza</subfield>
    <subfield code="v">2024-171</subfield>
    <subfield code="x">2254-7606</subfield>
  </datafield>
  <datafield tag="500" ind1=" " ind2=" ">
    <subfield code="a">Presentado:  10 01 2024</subfield>
  </datafield>
  <datafield tag="502" ind1=" " ind2=" ">
    <subfield code="a">Tesis-Univ. Zaragoza,  , 2024</subfield>
    <subfield code="b">Zaragoza, Universidad de Zaragoza</subfield>
    <subfield code="c">2024</subfield>
  </datafield>
  <datafield tag="520" ind1=" " ind2=" ">
    <subfield code="a">Esta tesis constituye un estudio de Derecho comparado en torno a la aplicación práctica del Convenio de La Haya sobre los aspectos civiles de la sustracción internacional de menores de 25 de octubre de 1980 (CH80) en España, Colombia y Venezuela, todos países miembros de la Red Iberoamericana de Cooperación Jurídica Internacional. En el desarrollo del esfuerzo investigativo se resalta que los menores de edad están asistidos de derechos fundamentales que afianzan el principio de su interés superior, derechos que fueron analizados en clave de la crisis que pueda afectar la relación de sus progenitores, relación que puede o no ser matrimonial. La internacionalización de las relaciones familiares es una realidad que se resalta en la tesis pues puede ser el mejor abono para que se configure luego de una crisis de pareja una sustracción internacional, fenómeno penoso que vulnera los derechos de los menores, y de las personas -parientes o no- que constituían su entorno antes de la sustracción. Se explica además la teleología, estructura y características del CH80, y se repara en los conceptos que pueden suscitar diversas interpretaciones, algunas más apegadas al objetivo convencional que otras. Además, se describe cómo España ha avanzado en la aplicación del CH80 hasta el punto en que es referente para muchos países entre esos Colombia y Venezuela. Como separata y por una causa sobrevenida se hace un breve apartado a la pandemia por la COVID-19 y sus efectos sobre las órdenes de retorno emitidas en ese momento. Lo que reitera que el transcurso del tiempo es vital cuando de restablecer los derechos de los menores en medio de la aplicación del CH80 se trata. &lt;br /></subfield>
  </datafield>
  <datafield tag="506" ind1=" " ind2=" ">
    <subfield code="a">all-rights-reserved</subfield>
  </datafield>
  <datafield tag="520" ind1=" " ind2=" ">
    <subfield code="a">&lt;br /></subfield>
  </datafield>
  <datafield tag="521" ind1=" " ind2=" ">
    <subfield code="9">7088</subfield>
    <subfield code="a">Programa de Doctorado en Derecho</subfield>
  </datafield>
  <datafield tag="540" ind1=" " ind2=" ">
    <subfield code="9">info:eu-repo/semantics/openAccess</subfield>
  </datafield>
  <datafield tag="653" ind1="1" ind2=" ">
    <subfield code="a">derecho comparado</subfield>
  </datafield>
  <datafield tag="653" ind1="1" ind2=" ">
    <subfield code="a">derecho civil</subfield>
  </datafield>
  <datafield tag="653" ind1="1" ind2=" ">
    <subfield code="a">derecho internacional privado</subfield>
  </datafield>
  <datafield tag="830" ind1=" " ind2=" ">
    <subfield code="9">500</subfield>
  </datafield>
  <datafield tag="856" ind1="0" ind2=" ">
    <subfield code="f">cdeurop@unizar.es</subfield>
  </datafield>
  <datafield tag="856" ind1="4" ind2=" ">
    <subfield code="s">2549875</subfield>
    <subfield code="u">http://zaguan.unizar.es/record/135384/files/TESIS-2024-179.pdf</subfield>
    <subfield code="z">info:eu-repo/date/embargoEnd/2026-01-09</subfield>
  </datafield>
  <datafield tag="909" ind1="C" ind2="O">
    <subfield code="o">oai:zaguan.unizar.es:135384</subfield>
    <subfield code="p">driver</subfield>
    <subfield code="p">tesis</subfield>
  </datafield>
  <datafield tag="910" ind1="2" ind2=" ">
    <subfield code="a">Ciencias Sociales y jurídicas</subfield>
  </datafield>
  <datafield tag="691" ind1=" " ind2=" ">
    <subfield code="a">0</subfield>
  </datafield>
  <datafield tag="700" ind1=" " ind2=" ">
    <subfield code="a">Iriarte Angel, José Luis</subfield>
    <subfield code="e">dir.</subfield>
  </datafield>
  <datafield tag="700" ind1=" " ind2=" ">
    <subfield code="a">Diago Diago, María Pilar</subfield>
    <subfield code="e">dir.</subfield>
  </datafield>
  <datafield tag="710" ind1="2" ind2=" ">
    <subfield code="a">Universidad de Zaragoza</subfield>
  </datafield>
  <datafield tag="980" ind1=" " ind2=" ">
    <subfield code="a">TESIS</subfield>
  </datafield>
</record>
</collection>